Obrazy Martina Benku

Podrobná bibliografia
Hlavný autor: Bunčák, Pavel, 1915-2000 (Autor)
Médium: Článok
Jazyk:slovenčina
Predmet:

MARC

LEADER 00000nab a2200000 a 4500
001 vtls000008353
003 SK-MaSNL
005 20260303202220.0
008 111103c1978 xo 0 slo
015 |a SNBRB19rr/mm-uuuuu 
035 |a CL0018446 
040 |a SNKBUCL  |b slo  |c SNKBUCL  |e AACR2 
041 0 |a slo 
044 |a xo  |c SK 
080 |a 885.4-1  |2 1981 
100 1 |a Bunčák, Pavel,  |d 1915-2000  |4 aut  |9 103653 
245 1 0 |a Obrazy Martina Benku  |c Pavel Bunčák ; Pavol Bunčák 
650 0 7 |a básne dedikačné  |2 snkbucl  |9 893927 
655 7 |a články z novín a časopisov  |2 snkbucl  |9 267496 
655 7 |a články z odboru literárna veda a krásna literatúra  |2 snkbucl  |9 770045 
700 1 |a Bunčák, Pavel,  |d 1915-2000  |4 aut  |9 103653 
773 0 |t Slovensko  |g Roč. 2, č. 7 (1978), s. /27-28/ 
850 |a Slovenská národná knižnica v Martine  |a MTA001 
852 |a SNK  |b KIS3GCP 
958 |a RK 
958 |a LX 
992 |a RBX 
999 |c 2178261  |d 2180191